Normal view
MARC view
- Umer Ahmed.
Entry Personal Name
001 - CONTROL NUMBER
- control field: 18806
003 - CONTROL NUMBER IDENTIFIER
- control field: NUST
005 - DATE AND TIME OF LATEST TRANSACTION
- control field: 20190729051510.0
008 - FIXED-LENGTH DATA ELEMENTS
- fixed length control field: 190729|| aca||aabn | a|a d
040 ## - CATALOGING SOURCE
- Original cataloging agency: NUST
- Transcribing agency: NUST
100 ## - HEADING--PERSONAL NAME
- Personal name: Umer Ahmed.
670 ## - SOURCE DATA FOUND
- Source citation: Work cat.: (NUST): khan, Muhammad Arsalan Lodhi 18805, MULTIMARKET CONTACT AND ITS IMPACT ON INTENSITY OF COMPETITION /, 2014.
